Terminal Stations of Bus Lines in Hagen, NRW, Germany - Statistics

General Stats
  • This quiz has been taken 8 times
  • The average score is 22 of 52
Answer Stats
Line Terminal Station % Correct
SB71 Hauptbahnhof
100%
513 Hauptbahnhof
100%
520 Hauptbahnhof
100%
528 Hauptbahnhof
100%
514 Bathey
67%
516 Eilperfeld
67%
539 Hohenlimburg Bf.
67%
SB71 Hohenlimburg Bf.
67%
SB72 Hohenlimburg Bf.
67%
513 Hohenlimburg Bf.
67%
515 Hohenlimburg Bf.
67%
518 Hohenlimburg Bf.
67%
530 Hohenlimburg Bf.
67%
SB72 Vossacker
67%
510 Boele Markt
50%
528 Boele Markt
50%
534 Boele Markt
50%
517 Hasper Torhaus
50%
527 Loxbaum
50%
535 Markt
50%
538 Vorhalle Bf.
50%
541 Wetter Bf.
50%
532 Baukloh
33%
541 Bissingheim
33%
519 Emsterfeld
33%
535 Emsterfeld
33%
525 Geweke
33%
521 Knapp
33%
538 Obernahmer
33%
521 Profilstr. Schleife
33%
542 Profilstr. Schleife
33%
543 Profilstr. Schleife
33%
518 Schanze
33%
543 Spielbrink
33%
512 Syburg
33%
532 Westerbauer Bf.
33%
525 Berchum
17%
520 Boloh
17%
542 Gevelsberg Hbf.
17%
524 Fley Mitte
17%
524 Garenfeld Mitte
17%
534 Im Sibb
17%
527 Ischeland Königstr.
17%
519 Nacken
17%
530 Reh Schälker Landstr.
17%
510 Sterbecke
17%
515 Südufer Hengstey
17%
516 Wasserschloss Werdringen
17%
512 Wengeberg Pennickweg
17%
517 Wesselbach
17%
514 Westerbauer Schleife
17%
539 Wiblingwerde
17%
No matching quizzes found
Score Distribution
Percent of People with Each Score
Percentile by Number Answered
Your Score History
You have not taken this quiz